Normal view
MARC view
- Fatima, Noor
Entry Personal Name
001 - CONTROL NUMBER
- control field: 130682
003 - CONTROL NUMBER IDENTIFIER
- control field: NUST
005 - DATE AND TIME OF LATEST TRANSACTION
- control field: 20250925104946.0
008 - FIXED-LENGTH DATA ELEMENTS
- fixed length control field: 250925|| aca||aabn | a|a d
040 ## - CATALOGING SOURCE
- Original cataloging agency: NUST
- Transcribing agency: NUST
100 ## - HEADING--PERSONAL NAME
- Personal name: Fatima, Noor
670 ## - SOURCE DATA FOUND
- Source citation: Work cat.: (NUST): Fatima, Noor, Policing Under Colonial Shadows: The Profiling of Afghan Refugee in Quetta/
